000 002470000a22000970004500
100 1 _aSalem, Luis D.
245 1 0 _aLa cena de Emaús : Lucas 24:28-31
300 _aVol. 1, Núm 5 (1989), Páginas 5-6
773 0 _tImpacto Presbiteriano
942 _cANA
999 _c51124
_d51124